000 00607nam a22002057a 4500
003 BD-DhJNU
005 20240819040051.0
008 240819b |||||||| |||| 00| 0 eng d
020 _a9789332586703
040 _aBD-DhJNU
_bENG
_cBD-DhJNU
_dBD-DhJNU
082 _223
_a658.5 OPE
100 _aHeizer, Jay
245 _aOperations management :
_bsustainability and supply chain management /
_cJay Heizer ...[et al].
250 _a12th ed.
260 _aIndia :
_bPearson,
_c2024.
300 _avarious :
_bill. ;
_c26 cm.
504 _aIncludes index
650 _aProduction management
942 _2ddc
_cBK
_n0
999 _c651
_d651